Taking a new approach to financial statements (Record no. 83333)
[ view plain ]
| 000 -LEADER | |
|---|---|
| fixed length control field | 01066cab a22001935a 4500 |
| 001 - CONTROL NUMBER | |
| control field | L153594 |
| 008 - FIXED-LENGTH DATA ELEMENTS--GENERAL INFORMATION | |
| fixed length control field | 110808s2011 xxk 000 0 eng d |
| 035 ## - SYSTEM CONTROL NUMBER | |
| System control number | (Sirsi) u153594 |
| 041 0# - LANGUAGE CODE | |
| Language code of text/sound track or separate title | eng |
| 100 1# - MAIN ENTRY--PERSONAL NAME | |
| Personal name | McMillan, Russell |
| 245 00 - TITLE STATEMENT | |
| Title | Taking a new approach to financial statements |
| 260 ## - PUBLICATION, DISTRIBUTION, ETC. | |
| Date of publication, distribution, etc. | 2011 |
| 490 #0 - SERIES STATEMENT | |
| Series statement | RICS Commercial Property Journal |
| Volume/sequential designation | May-June 2011, 12-13(2) |
| 520 ## - SUMMARY, ETC. | |
| Summary, etc. | Examines the work that corporate real estate teams will need to do in advance of the International Accounting Standards Board,s forthcoming final version of it new standard on lease accounting which when implemented will have a significant impact on the financial statements of corporate occupiers. Covers what is changing, the collection and validation of lease data, the data requirements, assessing the impact on financial statements, strategic justification, and the timeline and immediate actions needed. |
| 590 ## - LOCAL NOTE (RLIN) | |
| Local note | KA |
| 651 #4 - SUBJECT ADDED ENTRY--GEOGRAPHIC NAME | |
| Geographic name | United Kingdom |
| Chronological subdivision | |
| 690 ## - LOCAL SUBJECT ADDED ENTRY--TOPICAL TERM (OCLC, RLIN) | |
| Topical term or geographic name as entry element | MANAGEMENT-BUSINESS MANAGEMENT-FINANCIAL MANAGEMENT-ACCOUNTING-FINANCIAL REPORTING |
| 942 ## - ADDED ENTRY ELEMENTS (KOHA) | |
| Suppress in OPAC | 0 |
| Withdrawn status | Lost status | Source of classification or shelving scheme | Damaged status | Not for loan | Home library | Current library | Shelving location | Date acquired | Total Checkouts | Full call number | Barcode | Date last seen | Price effective from | Koha item type |
|---|---|---|---|---|---|---|---|---|---|---|---|---|---|---|
| Dewey Decimal Classification | Virtual | Virtual | Online | 08/08/2011 | ONLINE PUBLICATION | 153594-2001 | 06/08/2019 | 06/08/2019 | Journal |